000 00300nam a22001337a 4500
082 _a894.812.3
_bKAV/P
100 _aKAVILPADU,ABV
245 _aPAMPARA VIDDHIKAL
250 _aNINETH
260 _aTHRISSUR
_bH&C PUBLISHING HOUSE
_c2005
300 _a47
650 _aSHORT STORY
_zKERALA
942 _cBK
999 _c1380
_d1380